00867nam a2200217Ia 4500952016300000952016300163999001700326003000400343005001700347008004100364020001800405040000900423082001800432100003000450245005900480250001200539260003100551300000900582650001600591942004200607 00102ddc40708COMPUTER SCIENCEaMESbMEScCOMPd2019-02-20g995.00l13m17o005.82 STI/Cp39078r2026-01-16 11:25:50s2025-12-05t1w2019-02-20yBKzGL32R4 00102ddc40708COMPUTER SCIENCEaMESbMEScCOMPd2019-02-20g995.00l12m16o005.82 STI/Cp39339r2026-01-19 12:48:49s2025-12-16t2w2019-02-20yBKzGL32R4 c32470d32470OSt20201007122154.0190216s9999||||xx |||||||||||||| ||und|| a9781584885085 coclc a005.82bSTI/C aStinson, Douglas R 95375 0aCryptopgraphy Theory And Practice /cDouglas R Stinson a3rd Ed. bCrc Press,c2015.aLondon: a593p aMathematics cBK2ddch005.82iSTI/Ck005.82mSTI/C